| 000 | 00483nam a22001577a 4500 | ||
|---|---|---|---|
| 003 | OSt | ||
| 008 | 260624b |||||||| |||| 00| 0 eng d | ||
| 020 | _a9789391734411 | ||
| 082 |
_a579.50954 _bM28F |
||
| 245 | _aFungi of India: List and References 1988-2020/ by C Manoharachary...[et al.] | ||
| 260 |
_aDelhi : _bToday & Tomorrow Printers and Publishers, _c2022. |
||
| 300 | _a475 p. | ||
| 650 | _aPure Sciences | Biology | Fungi | ||
| 700 | _aManoharachary, C | ||
| 942 |
_2ddc _cBK |
||
| 999 |
_c52260 _d52260 |
||